| 000 | 00640nam a2200217 a 4500 | ||
|---|---|---|---|
| 005 | 20210223124817.0 | ||
| 008 | 030121s1990 mx r 000 0 spa d | ||
| 020 | _a9681901622 | ||
| 035 | _aUPN01000121488 | ||
| 049 | _aI | ||
| 050 | 4 |
_aQE364.2 _bS9.78 |
|
| 100 | 1 | _aSymes, R. F. | |
| 245 | 1 | 0 |
_aRocas y minerales / _ccolab. con el Natural History Museum, Londres ; tr. Catherine Tussy. |
| 260 |
_aMadrid : _bAltea ; _aMéxico : _bAguilar, _cc1990. |
||
| 300 |
_a63 p. : _bil. |
||
| 440 | 0 | _aBiblioteca visual Altea | |
| 650 | 4 | _aROCAS | |
| 650 | 4 |
_aMINERALES _918133 |
|
| 710 | 2 | _aNatural History Museum (Londres) | |
| 905 | _aInfantil | ||
| 999 |
_c93732 _d93732 |
||